ნორმალური ფორმატი
MARC ფორმატი
ჩანაწერი Personal Name
ჩანაწერთა რაოდენობა, რომელიც გამოყენებულია: 1
001 - CONTROL NUMBER
- control field: 24849
003 - CONTROL NUMBER IDENTIFIER
- control field: GE_BSU
005 - DATE AND TIME OF LATEST TRANSACTION
- control field: 20250417101637.0
008 - FIXED-LENGTH DATA ELEMENTS
- fixed length control field: 250417|| aca||aabn | a|a d
040 ## - CATALOGING SOURCE
- Original cataloging agency: GE_BSU
- Transcribing agency: GE_BSU
100 ## - HEADING--PERSONAL NAME
- Personal name: ბერძენიშვილი, დევი
- Relator term: რედაქტორი
670 ## - SOURCE DATA FOUND
- Source citation: Work cat.: (GE_BSU)34573: გოგოლაძე, მედეა 24848, ქართლის სოციალური და პოლიტიკური მდგომარეობა "მოქცევაი ქართლისაის" მიხედვით :
